География (Запис номер 181710)
[ съкратено ]
| 000 -Лидер | |
|---|---|
| Контролно поле с фиксирана дължина | 01451nam a2200349 c 4500 |
| 003 - Код на организацията, давaща контролен номер | |
| Контролно поле | BLK |
| 005 - Дата и час на последна редакция | |
| Контролно поле | 20180422115157.0 |
| 008 - Елементи от данни с фиксирана дължина | |
| fixed length control field | 180411b bul|||||r ||||||| ||bul|| |
| 010 ## - Наследен системен номер | |
| LC control number | KNG00190616000 |
| 040 ## - Източник на каталожния запис | |
| Идентификатор на билиотеката - собственик на записа | BLK |
| 041 ## - Код за език | |
| Код за езика на текст/звукозапис или на отделно заглавие | Български |
| Код за езика КДБФ | Български |
| 080 ## - УДК | |
| Текстов определител УДК | География на България |
| УДК код - определител по УДК | 913(497.2) |
| УДК определител | (075.3) |
| УДК - код + определител | 913(497.2)(075.3) |
| 100 1# - Редна дума - Автор | |
| Автор | Христов, Тодор Д. |
| Авторска отговорност | първи автор |
| R(LIN) | 369599 |
| 139 ## - Редно поле | |
| Редна дума | География |
| Авторски знак | Гео - Г 34 |
| 245 10 - Сведения за заглавието | |
| Заглавие | География |
| Подзаглавни данни | [Учебник] за X кл. на ЕСПУ |
| Редно поле (дума) | Тодор Д. Христов; * Тодор Д. Христов; * Надежда Георгиева Деметер; * Димитър Петров Кънчев; * Мария Иванова Петрова. |
| 257 ## - Страна на издаване | |
| Страна на създаване/издаване | България |
| 260 ## - Област на издателските данни | |
| -- | София |
| Име на издателя, разпространителя и проч. | Нар. просв. |
| Година на издаване | 1990 |
| 300 ## - Физическа характеристика | |
| Страници | 160 с. |
| Илюстрации и др. | със сх., табл. |
| Размери/Мащаб | 24 см |
| 380 ## - Жанр | |
| Жанр | География |
| 650 #4 - Допълнително описание по предмет – тема | |
| Основно описание – тема или топоним | География - учебници за средни училища |
| 9 (RLIN) | 253518 |
| 653 ## - Ключова дума – ненормативна | |
| Ключова дума | география |
| 653 ## - Ключова дума – ненормативна | |
| Ключова дума | Х кл. |
| 700 1# - Други автори (авторска отговорност) | |
| Лично име | Христов, Тодор Д. |
| Автороска отговорност (Описва отношението между автора и произведението) | * |
| 9 (RLIN) | 369599 |
| 700 1# - Други автори (авторска отговорност) | |
| Лично име | Деметер, Надежда Георгиева |
| Автороска отговорност (Описва отношението между автора и произведението) | * |
| 9 (RLIN) | 383861 |
| 700 1# - Други автори (авторска отговорност) | |
| Лично име | Кънчев, Димитър Петров |
| Автороска отговорност (Описва отношението между автора и произведението) | * |
| 9 (RLIN) | 364391 |
| 700 1# - Други автори (авторска отговорност) | |
| Лично име | Петрова, Мария Иванова |
| Автороска отговорност (Описва отношението между автора и произведението) | * |
| 9 (RLIN) | 370360 |
| 852 ## - Местоположение | |
| Форматна сигнатура | ЦБ 164383 |
| 856 4# - Електронен адрес и достъп | |
| Електронен формат | pdf - файл |
| Път до файла /url/ | |
| 856 4# - Електронен адрес и достъп | |
| Електронен формат | pdf - файл |
| Път до файла /url/ | |
| 942 ## - АРТИКУЛИ | |
| Вид на библиотечния материал | Книги |
| Скрит в OPAC | Не |
| 944 ## - СЪЗДАВАНЕ И РЕДАКЦИЯ на ЗАПИСА | |
| Създаване/Редакция | Създаване |
| Дата на регистрацията/редакция | 19.09.2016 |
| Служител, извършил регистрацията/редакцията | Ирена_Линкова |
| 944 ## - СЪЗДАВАНЕ И РЕДАКЦИЯ на ЗАПИСА | |
| Създаване/Редакция | Редакция |
| Дата на регистрацията/редакция | 19.09.2016 |
| Служител, извършил регистрацията/редакцията | Ирена_Линкова |
| 999 ## - СИСТЕМНИ КОНТРОЛНИ НОМЕРА | |
| Koha biblionumber | 181710 |
| Koha biblioitemnumber | 181710 |
| Код за отписване | Код за изгубен артикул | Източник на класификационната схема | Код за повреда | Коз за рестрикции | Код за отдаване | Артикулен № | Име на библиотеката - собственик | Име на библиотеката, в която се намира в момента | Статус (Текущо местоположение) | Дата на вписване в системата | Местоположение - отдел | Цена в лева | Инвентарен номер | Систематично азбучна сигнатура | Баркод | Номер на екземпляра | Цена в евро | Служебна бележка | Служебен тип на артикула |
|---|---|---|---|---|---|---|---|---|---|---|---|---|---|---|---|---|---|---|---|
| Не е изгубен | Universal Decimal Classification | Не е повреден | без рестрикции | ползва се в читалня | 311287 | Регионална библиотека "Любен Каравелов" Русе | Регионална библиотека "Любен Каравелов" Русе | Хранилище | 1988-01-01 | Хранилище | 9.00 | 561233 | Цб 164383 | 120000561233 | 1 | 4.60 | Дост: Dp Вид: Д N: сф Дата: 01.01.1988 | Книги | |
| Липсващ | Universal Decimal Classification | Не е повреден | без рестрикции | ползва се в читалня | 311288 | Регионална библиотека "Любен Каравелов" Русе | Регионална библиотека "Любен Каравелов" Русе | Хранилище | 1988-01-01 | Хранилище | 1.18 | 541049 | Цб 164383 | 541049 | 2 | 0.60 | Дост: Dp Вид: Д N: сф Дата: 01.01.1988 | Книги | |
| Изтеглен | Не е изгубен | Universal Decimal Classification | Не е повреден | без рестрикции | заемане за дома | 311289 | Регионална библиотека "Любен Каравелов" Русе | Регионална библиотека "Любен Каравелов" Русе | Заемна - подръчен фонд | 1990-01-01 | Заемна - подръчен фонд | 0.00 | 562247 | П 914.972/Г 34 | 562247 | 3 | 0.00 | Дост: Pk Вид: Ф N: сф Дата: 01.01.1990 | Книги |